Footballeurs les mieux valorisés en 2025 - Statistiques

Statistiques générales
  • Ce quiz a été pris 731 fois
    349 depuis la dernière actualisation
  • Le résultat moyen est 11 sur 20
Statistiques - réponses
Valeur Joueur % Correct
170 millions Kylian Mbappé
99%
180 millions Lamine Yamal
97%
200 millions Erling Haaland
91%
200 millions Vinicius Junior
86%
180 millions Jude Bellingham
83%
120 millions Pedri
74%
90 millions Harry Kane
58%
140 millions Florian Wirtz
57%
100 millions Rodrygo
57%
150 millions Bukayo Saka
54%
140 millions Jamal Musiala
50%
140 millions Phil Foden
47%
130 millions Cole Palmer
45%
130 millions Rodri
43%
130 millions Federico Valverde
42%
110 millions Declan Rice
36%
100 millions Alexander Isak
32%
95 millions Lautaro Martinez
28%
90 millions Julian Alvarez
27%
100 millions Martin Odegaard
24%
Aucun quiz correspondant
Distribution des résultats
% des personnes avec chaque résultat
Percentile par nombre de réponses
Votre historique - résultats
Vous n’avez pas pris ce quiz depuis la dernière actualisation